| 000 -CABECERA |
| fixed length control field |
00903nam a22002177a 4500 |
| 003 - IDENTIFICADOR DEL NÚMERO DE CONTROL |
| control field |
AR-CdUCM |
| 008 - DATOS DE LONGITUD FIJA--INFORMACIÓN GENERAL |
| fixed length control field |
190411b ||||| |||| 00| 0 spa d |
| 040 ## - FUENTE DE LA CATALOGACIÓN |
| Agencia/entidad que catalogó originalmente la obra |
MUNICIPALIDAD PROVINCIAL DEL CUSCO |
| Entidad que transcribió la catalogación |
BIBLIOTECA MUNICIPAL DEL CUSCO |
| 082 ## - NÚMERO DE LA CLASIFICACIÓN DECIMAL DEWEY |
| No. de Clasificación |
PI/372/O82 |
| Notacion interna |
O82 |
| 110 ## - ENTRADA PRINCIPAL--NOMBRE DE ENTIDAD CORPORATIVA |
| Nombre de la institución, jurisdicción como entrada principal |
OSITRAN |
| 9 (RLIN) |
44451 |
| 245 ## - MENCIÓN DE TÍTULO |
| Título |
Primer concurso de cuentos OSITRAN contigo por las rutas del Perú / |
| 260 ## - PUBLICACIÓN, DISTRIBUCIÓN, ETC. |
| Lugar de publicación, distribución, etc. |
Lima ; |
| Nombre de la editorial, distribuidor, etc. |
Kink'os, |
| Fecha de publicación, distribución, etc. |
2018. |
| 300 ## - DESCRIPCIÓN FÍSICA |
| Nº de Páginas Extensión |
27 Páginas. : |
| Otros detalles físicos |
ilustraciones en color ; |
| Dimensiones |
23x21 cm. |
| 505 ## - NOTA DE CONTENIDO CON FORMATO |
| Nota de contenido formateada |
Contenido: El deseo agradecido. Eduardo Rodrigo Wong León -- La carretera de la muerte. Estefano Cantuta Salvador. -- El amante de trenes. Tania Araceli Barrena Gálvez.<br/> |
| 650 ## - PUNTO DE ACCESO ADICIONAL DE MATERIA--TÉRMINO DE MATERIA |
| Descriptor |
Historia infantil |
| 9 (RLIN) |
31275 |
| 700 ## - PUNTO DE ACCESO ADICIONAL--NOMBRE DE PERSONA |
| Nombre Personal |
Wong León, Eduardo Rodrigo |
| 9 (RLIN) |
44452 |
| 700 ## - PUNTO DE ACCESO ADICIONAL--NOMBRE DE PERSONA |
| Nombre Personal |
Cantuta Salvador, Estefano |
| 9 (RLIN) |
44453 |
| 700 ## - PUNTO DE ACCESO ADICIONAL--NOMBRE DE PERSONA |
| Nombre Personal |
Barrena Gálvez, Tania Araceli |
| 9 (RLIN) |
44454 |
| 942 ## - ELEMENTOS DE PUNTO DE ACCESO ADICIONAL (KOHA) |
| Fuente de clasificación |
|
| Tipo de item |
Libros-BMC |
| 945 ## - PROCESAMIENTO DE INFORMACIÓN LOCAL (OCLC) |
| Catalogador |
Roel |